[Event "Paris-ch op"]
[Site "Paris"]
[Date "1992.??.??"]
[Round "5"]
[White "Harlin, Henri"]
[Black "Gatine, Aurelia"]
[Result "1/2-1/2"]
[WhiteElo "2290"]
[BlackElo "2060"]
[PlyCount "60"]
[EventDate "1992.04.??"]
[EventType "swiss"]
[EventRounds "9"]
[EventCountry "FRA"]
[SourceTitle "EXT 1997"]
[Source "ChessBase"]
[SourceDate "1996.11.15"]
[SourceVersion "1"]
[SourceVersionDate "1996.11.15"]
[SourceQuality "1"]

1. e4 c5 2. Nf3 d6 3. d4 cxd4 4. Nxd4 Nf6 5. Nc3 g6 6. Be3 Bg7 7. f3 0-0 8. Qd2 Nc6 9. Bc4 Bd7 10. Bb3 Qa5 11. 0-0-0 Rfc8 12. g4 Ne5 13. Kb1 Nc4 14. Bxc4 Rxc4 15. Nde2 b5 16. Nd5 Qxd2 17. Rxd2 Nxd5 18. exd5 h6 19. h4 a5 20. c3 b4 21. cxb4 axb4 22. Bd4 h5 23. b3 Rc7 24. Bxg7 Kxg7 25. g5 Bf5+ 26. Kb2 Rca7 27. Ka1 Ra5 28. Rc1 Rc8 29. Rxc8 Bxc8 30. Kb2 Ba6 1/2-1/2

[Event "Paris-ch op"]
[Site "Paris"]
[Date "1991.??.??"]
[Round "7"]
[White "Romantchouk, Jacques"]
[Black "Harlin, Henri"]
[Result "1-0"]
[WhiteElo "2300"]
[BlackElo "2260"]
[PlyCount "51"]
[EventDate "1991.05.??"]
[EventType "swiss"]
[EventRounds "9"]
[EventCountry "FRA"]
[SourceTitle "TD"]
[Source "ChessBase"]
[SourceDate "1994.03.01"]
[SourceVersion "1"]
[SourceVersionDate "1994.03.01"]
[SourceQuality "1"]

1. e4 c5 2. Nf3 e6 3. d4 cxd4 4. Nxd4 Nf6 5. Nc3 d6 6. Be2 Be7 7. 0-0 Nc6 8. Be3 0-0 9. f4 Qc7 10. Nb3 a6 11. a4 b6 12. Qd2 Rb8 13. g4 Na5 14. Nxa5 bxa5 15. g5 Nd7 16. f5 Rd8 17. Bd4 Ne5 18. f6 Bf8 19. Qf4 Rb4 20. Rad1 Rxd4 21. Rxd4 Qb6 22. Qf2 d5 23. Nd1 Bc5 24. c3 Bxd4 25. cxd4 dxe4 26. dxe5 1-0